|
|
|
|
| LEADER |
00601aam a2200169 a 4500 |
| 020 |
|
|
|a 0761940146 (pbk.)
|
| 082 |
0 |
0 |
|a 306.3
|b ROB/C
|
| 100 |
1 |
|
|a Robotham, Don.
|
| 245 |
1 |
0 |
|a Culture, society, and economy :
|b bringing production back in /
|
| 260 |
|
|
|a London ;
|a Thousand Oaks, Calif. :
|b Sage Publications,
|c 2005.
|
| 300 |
|
|
|a 189 p. ;
|
| 650 |
|
0 |
|a Globalization
|
| 650 |
|
0 |
|a Capitalism.
|
| 650 |
|
0 |
|a Culture and globalization.
|
| 942 |
|
|
|c BK
|
| 999 |
|
|
|c 95735
|d 95735
|
| 952 |
|
|
|0 0
|1 0
|4 0
|6 306_300000000000000_ROB_C
|7 0
|9 88464
|a SSS
|b SSS
|c GEN
|d 2011-08-17
|g 1669.47
|l 0
|o 306.3 ROB/C
|p SSS04814
|r 2011-08-17
|w 2011-08-17
|y BK
|